Т. 2. Мы - советские люди: рассказы; Собрание сочинений

Detalles Bibliográficos
Parent link:Собрание сочинений: в 9 т./ Б. Н. Полевой. Т. 2. Мы - советские люди.— , 1981-
Outros autores: Железнова Н. (автор предисловия)
Idioma:ruso
Publicado: 1981
Subjects:
Formato: MixedMaterials Libro
KOHA link:https://koha.lib.tpu.ru/cgi-bin/koha/opac-detail.pl?biblionumber=147395

MARC

LEADER 00000nam2a2200000 4500
001 147395
005 20231031145029.0
035 |a (RuTPU)RU\TPU\book\159760 
090 |a 147395 
100 |a 20081113d1980 m y0rusy50 ca 
101 0 |a rus 
102 |a RU 
105 |a a z 000ay 
200 0 |a Т. 2. Мы - советские люди  |e рассказы  |f авт. примечания Н. Железнова 
210 |d 1981 
215 |a 398 с.  |c ил. 
461 1 |0 (RuTPU)RU\TPU\book\159758  |t Собрание сочинений  |o в 9 т.  |f Б. Н. Полевой  |v Т. 2. Мы - советские люди  |d 1981- 
610 1 |a советская литература 
610 1 |a собрания сочинений 
610 1 |a рассказы 
702 1 |a Железнова  |b Н.  |4 080 
801 1 |a RU  |b 63413507  |c 20081113  |g PSBO 
801 2 |a RU  |b 63413507  |c 20180212  |g PSBO 
942 |c BK